00629nam a2200157Ia 4500008004100000020001500041041001200056100001900068245009000087260003700177300000800214650001600222942000700238999001700245952020900262221030s9999 xx 000 0 und d a8177225618 aEnglish aD. Bridgewater 0aSCWCD - Sun Certified Web Component Developer ( Exam Study Guide )cby D. Bridgewater bDreamtech PressaNew Delhic2008 a818 aBB Computer cBK c18217d18217 pBB 932g499.00l0eDonated by Mr. Avinash ( Ex Student CSE - 2004 )r2025-05-17 00:00:00w2022-10-30yBK003Print4070aMIETLIBbMIETLIBcBL-Academic Block B, FL-2, CUP-100, SH-5, R-5d2019-05-2010HBB